Cartas marruecas
Сохранить в:
| Главный автор: | |
|---|---|
| Формат: | |
| Язык: | испанский |
| Опубликовано: |
Madrid
Espasa-Calpe
1963
|
| Серии: | Clásicos Castellanos, 112
|
| Предметы: | |
| Метки: |
Добавить метку
Нет меток, Требуется 1-ая метка записи!
|
MARC
| LEADER | 00000nam a2200000 a 4500 | ||
|---|---|---|---|
| 001 | UCX4530 | ||
| 003 | CL-VaPUC | ||
| 008 | 920605e19630000SP |||||||||||||||||spa|d | ||
| 082 | 0 | 4 | |a 866 |b CAD |2 21 |
| 100 | 0 | |a Cadalso, José de |e author |9 315723 | |
| 245 | 1 | 0 | |a Cartas marruecas |
| 300 | |a 232 p | ||
| 942 | |c BK | ||
| 945 | |d 19920605 00:00:00 | ||
| 260 | |a Madrid |b Espasa-Calpe |c 1963 | ||
| 600 | 0 | 7 | |a CADALSO, JOSE DE |2 CL-VaPUC |9 315723 |
| 583 | |a last modification |c 19920605 00:00:00 |k Rodrigo Vera | ||
| 490 | 0 | |a Clásicos Castellanos, 112 | |
| 999 | |c 224967 |d 224965 | ||
| 952 | |0 0 |1 0 |4 0 |6 866_000000000000000_CAD_1963 |7 0 |8 A |9 222085 |a BIBEDU |b BIBEDU |d 2019-11-15 |i 3272508 |o 866 CAD 1963 |p 3272508 |r 2019-11-15 |w 2019-11-15 |y BK |k LIT | ||